Kamala Nehru : (Record no. 134030)

MARC details
000 -LEADER
fixed length control field 00668nam a22002297a 4500
005 - DATE AND TIME OF LATEST TRANSACTION
control field 20170124110219.0
010 ## - LIBRARY OF CONGRESS CONTROL NUMBER
LC control number A-710553
020 ## - INTERNATIONAL STANDARD BOOK NUMBER
Terms of availability 125.00
035 ## - SYSTEM CONTROL NUMBER
System control number A-710553
037 ## - SOURCE OF ACQUISITION
Source of stock number/acquisition Cen Lib/Ret
040 ## - CATALOGING SOURCE
Original cataloging agency DPL
Language of cataloging EN
082 ## - DEWEY DECIMAL CLASSIFICATION NUMBER
Classification number 921
Item number KAL
100 ## - MAIN ENTRY--PERSONAL NAME
Personal name Kalhan, Promilla
9 (RLIN) 39582
245 ## - TITLE STATEMENT
Title Kamala Nehru :
Statement of responsibility, etc by Promilla Kalhan
Remainder of title an intimate biography /
250 ## - EDITION STATEMENT
Edition statement 2nd rev. ed.
260 ## - PUBLICATION, DISTRIBUTION, ETC. (IMPRINT)
Place of publication, distribution, etc New Delhi
Name of publisher, distributor, etc NIB Publishers
Date of publication, distribution, etc 1990
270 ## - ADDRESS
City New Delhi
Postal code 110005
Address 13/22, W.E.A.Karol Bagh
300 ## - PHYSICAL DESCRIPTION
Extent 147p. :
Dimensions 20cm(Hb)
Other physical details ill.
500 ## - GENERAL NOTE
General note Includes index <br/>
650 ## - SUBJECT ADDED ENTRY--TOPICAL TERM
Topical term or geographic name as entry element Nehru, Kamala, -- 1899-1936
9 (RLIN) 39583
942 ## - ADDED ENTRY ELEMENTS (KOHA)
Source of classification or shelving scheme Dewey Decimal Classification
Koha item type English Books
Classification part 921
Call number suffix KAL
Holdings
Withdrawn status Lost status Damaged status Not for loan Collection code Home library Current library Date acquired Source of acquisition Cost, normal purchase price Total Checkouts Full call number Barcode Date last seen Copy number Cost, replacement price Price effective from Koha item type
      Not For Loan Reference Central Library Central Library 28/07/2015 Cen Lib/Ret 125.00   921 KAL A-710553 28/07/2015 1 125.00 28/07/2015 English Books

© Delhi Public Library
Hit Counter
free hit counter